| 000 | 00672nam a2200217 4500 | ||
|---|---|---|---|
| 003 | OSt | ||
| 005 | 20260601193845.0 | ||
| 008 | 260508b2001 mx a|||| |||| 00| 0 spa d | ||
| 040 |
_aICI _bspa _cICI |
||
| 041 | _aspa | ||
| 050 |
_aHC135 _b.E36 |
||
| 100 |
_aCentro de Investigación y Docencia Económicas _931367 |
||
| 245 | 1 |
_aEconomía Mexicana _bNueva época |
|
| 264 |
_aMéxico _bCentro de Investigación y Docencia Económica, _c2001 |
||
| 300 |
_a158 páginas _bilustraciones |
||
| 336 |
_atexto _2rdacontent |
||
| 337 |
_asin medio _2rdamedia |
||
| 338 |
_avolumen _2rdacarrier |
||
| 500 | _avol. X, núm. 1, México, primer semestre de 2001 | ||
| 942 |
_2lcc _cB _n1 |
||
| 999 |
_c21621 _d21621 |
||